000 00771nam a2200217Ii 4500
003 JO-AjNU
008 230606s9999||||xx |||||||||||||| ||und||
020 _a978-0-521-85507-5(hardback) , 978-0-521-67120-0(paperback)
040 _aJO-AjNU
_beng
_erda
_cJO-AjNU
041 _aeng
050 1 4 _aPR2982.C53 2007
100 3 _aCHERNAIK,WARREN,
_eauthor
_92442
245 0 4 _aThe Cambridg Introduction to Shakespear's History Plays
250 _a1 ed
264 3 1 _aNew York:CAMBRIDGE UNIVERSITY PRESS, 2007
300 _a210P
336 _atext
_btxt
_2rdacontent
337 _aunmediated
_bn
_2rdamedia
338 _avolume
_bnc
_2rdacarrier
650 4 _aShakespeare,William - Histories - Historical drama English - Great Britain - Kings and rulers in Literature
_92443
999 _aE1279
_c1279
_d1279